Piłkarska kariera Tomasza Hajto. - Statystyki

Ogólne statystyki
  • Ten quiz został rozwiązany 90 razy
  • Średni wynik to 4 z 10
Statystyki odpowiedzi
Lata Drużyna % Poprawnych
2000-2004 Schalke
93%
1993-1997 Górnik Zabrze
76%
2007-2009 Górnik Zabrze
76%
2006-2007 ŁKS Łódź
49%
2009-2010 ŁKS Łódź
49%
1997-2000 Duisburg
28%
2005-2006 Southampton
23%
2006-2006 Derby
20%
1991-1993 Hutnik Kraków
16%
2004-2005 Nurnberg
16%
Nie znaleziono quizów pasujących do podanych kryteriów
Rozkład punktacji
Procent ludzi z każdym wynikiem
Percentyl według liczby udzielonych odpowiedzi
Twoja historia wyników
Nie rozwiązałeś tego quizu